[Event "Amplico ch-EUR Rapid"]
[Site "Warsaw POL"]
[Date "2012.12.15"]
[Round "3.9"]
[White "Motylev,A"]
[Black "Adamski,J"]
[Result "1-0"]
[WhiteElo "2677"]
[BlackElo "2310"]

1.e4 c5 2.Nf3 a6 3.c3 d5 4.exd5 Qxd5 5.d4 Nf6 6.Be2 cxd4 7.cxd4 e6 8.O-O Nc6
9.Nc3 Qd6 10.Bg5 Be7 11.Rc1 O-O 12.Bh4 Nh5 13.Ne4 Qd8 14.Bxe7 Nxe7 15.g3 Nd5
16.Ne5 Nhf6 17.Bf3 Nxe4 18.Bxe4 Bd7 19.Qc2 g6 20.Bxd5 exd5 21.Qc7 Bb5 22.Rfe1 b6
23.b3 Rc8 24.Qxd8 Rfxd8 25.a4 Be8 26.Ng4 Kg7 27.Ne3 Bc6 28.Rc3 Bb7 29.Rec1 Rxc3
30.Rxc3 Rd7 31.b4 f6 32.a5 bxa5 33.bxa5 Kf7 34.h4 Ke7 35.Kg2 Kd6 36.Ng4 Rf7
37.Rf3 Ke6 38.Rb3 Kd6 39.Rb6+ Bc6 40.Rxa6 h5 41.Ne3 Re7 42.Rb6 Ra7 43.Rb8 Rxa5
44.Rg8 Ra4 45.Rxg6 Ke6 46.g4 Rxd4 47.g5 Rf4 48.Kg3 Ke5 49.Rh6 fxg5 50.Rxh5 Rf8
51.Rxg5+ Ke6 52.Nc2 Kf6 53.Nd4 Bd7 54.Rxd5 Rg8+ 55.Kf3 Bh3 56.Ra5 Rg4 57.Rf5+ Kg6
58.Rf4 Rg1 59.Ne2 Rb1 60.Rc4 Rb3+ 61.Kf4 Bg2 62.Nc3 Rb2 63.Kg3 Bb7 64.Nd1 Rb3+
65.Ne3 Rb5 66.Rg4+ Kf6 67.Rc4 Bd5 68.Rf4+ Ke6 69.Rf5 Bc4 70.Rxb5 Bxb5 71.Kf4 Bd3
72.Kg5 Bb1 73.f4 Kf7 74.h5 Be4 75.f5 Bb1 76.Ng4 Bc2 77.Ne5+ Kf8 78.h6 Bb1
79.Kf6 Kg8 80.Kg6 Kf8 81.Nf3 Bc2 82.Nd4 Ke8  1-0

[Event "Amplico ch-EUR Rapid"]
[Site "Warsaw POL"]
[Date "2012.12.15"]
[Round "4.7"]
[White "Leniart,A"]
[Black "Motylev,A"]
[Result "1/2-1/2"]
[WhiteElo "2470"]
[BlackElo "2677"]

1.e4 d5 2.exd5 Qxd5 3.d4 Nc6 4.Nf3 Bg4 5.Be2 O-O-O 6.Be3 e5 7.dxe5 Bxf3 8.Bxf3 Qxe5
9.Nd2 Bc5 10.Qe2 Bxe3 11.Qxe3 Qxe3+ 12.fxe3 Nb4 13.Kd1 Nf6 14.c3 Nd3 15.Kc2 Rhe8
16.e4 Ne5 17.h3 Nfd7 18.Rad1 Nc5 19.b4 Na4 20.Be2 c6 21.Rhf1 f6 22.Nf3 Rxd1
23.Rxd1 Nb6 24.Nxe5 Rxe5 25.Kd3 Kc7 26.Rf1 Kd6 27.Ke3 a5 28.a3 Nd5+ 29.Kd4 Nc7
30.c4 c5+ 31.bxc5+ Rxc5 32.Rb1 Ne6+ 33.Ke3 Kc7 34.Bg4 Nf8 35.Kd4 b6 36.Bf5 g6
37.Bg4 h5 38.Be2 Nd7 39.h4 Ne5 40.Rf1 Rc6 41.g3 Rd6+ 42.Ke3 Kc6 43.Rb1 Rd8
44.Rb5 Rd6 45.c5 bxc5 46.Rxa5 Nd7 47.Bb5+ Kb7 48.Bxd7 Rxd7 49.Rxc5 Rd1 50.Rd5 Ra1
51.Rd7+ Kc6 52.Rg7 Kd6 53.Rxg6 Ke5 54.Rh6 Rxa3+ 55.Kf2 Ra2+ 56.Kf3 Ra3+ 57.Kg2 Kxe4
58.Rxf6 Ra2+ 59.Kh3 Ra5 60.Rg6 Rb5 61.Re6+ Kf5 62.Rh6 Ke4 63.Rf6 Ra5 64.Rf8 Rb5
65.Rf4+ Ke3 66.Ra4 Kf3 67.Rc4 Ra5 68.Rc3+ Ke4 69.g4 hxg4+ 70.Kxg4 Ra1 71.Rc8 Rg1+
72.Kh5 Kf5 73.Rf8+ Ke6 74.Kh6 Ke7 75.Rf4 Rg2 76.h5 Rg1 77.Kh7 Rg2 78.h6 Rg1
79.Kh8 Rg6 80.Kh7 Rg2 81.Ra4 Kf7 82.Ra7+ Kf8 83.Rg7 Ra2 84.Rg1 Rf2 85.Rg8+ Kf7
86.Rg7+ Kf8 87.Rb7 Rg2 88.Rg7 Ra2 89.Kh8 Ra6 90.Kh7 Ra2 91.Rc7 Rg2 92.Rc1 Rf2
93.Kh8 Rf6 94.h7 Rf2 95.Rg1 Rf3 96.Rg8+  1/2-1/2

[Event "Amplico ch-EUR Rapid"]
[Site "Warsaw POL"]
[Date "2012.12.15"]
[Round "5.18"]
[White "Motylev,A"]
[Black "Volodin,Alek"]
[Result "1-0"]
[WhiteElo "2677"]
[BlackElo "2506"]

1.e4 c5 2.Nc3 e6 3.Nf3 Nc6 4.d4 cxd4 5.Nxd4 Qc7 6.Be3 Nf6 7.f4 Nxd4 8.Qxd4 Ng4
9.O-O-O Nxe3 10.Qxe3 Bc5 11.Qg3 O-O 12.e5 d5 13.Bd3 f6 14.Qh4 g6 15.exf6 Be3+
16.Kb1 Qxf4 17.Qh3 e5 18.Nxd5 Bxh3 19.Nxf4 exf4 20.gxh3 Rxf6 21.Be4 Rb8 22.Bf3 b6
23.Rd7 a5 24.Rhd1 Re8 25.a3 Bc5 26.c3 Re7 27.b4 axb4 28.cxb4 Rxd7 29.Rxd7 Bg1
30.Kc2 Bxh2 31.Kd3 h5 32.a4 g5 33.Ke4 g4 34.Rd2 Bg3 35.hxg4 hxg4 36.Bxg4 f3
37.Bxf3 Kf8 38.Rb2 Bd6 39.Kd5 Bxb4 40.Rxb4 Rxf3 41.Rxb6 Ra3 42.Rb4 Ke7 43.Kc6 Kd8
44.Kb7 Kd7 45.Rd4+ Ke6 46.Kb6 Ke5 47.Rb4 Kd6 48.a5 Kd7 49.a6 Kc8 50.a7 Ra1
51.Rb5 Ra2 52.Rc5+ Kd7 53.Ra5  1-0

[Event "Amplico ch-EUR Rapid"]
[Site "Warsaw POL"]
[Date "2012.12.15"]
[Round "6.9"]
[White "Kempinski,R"]
[Black "Motylev,A"]
[Result "1-0"]
[WhiteElo "2599"]
[BlackElo "2677"]

1.d4 d5 2.c4 c6 3.e3 Nf6 4.Nf3 Bf5 5.Nc3 e6 6.Nh4 Bg6 7.Qb3 Qc7 8.Bd2 Ne4
9.Nxe4 Bxe4 10.cxd5 exd5 11.f3 Bg6 12.Nxg6 hxg6 13.e4 Nd7 14.exd5 Bd6 15.dxc6 bxc6
16.Bc4 Nf6 17.O-O-O Rb8 18.Qc2 Rxh2 19.Rxh2 Bxh2 20.Rh1 Kf8 21.Kb1 Ng8 22.f4 Bg3
23.Qd3 Bf2 24.Rf1 Bh4 25.f5 g5 26.Qa3+ Qe7 27.Qf3 Qd6 28.Qh5 Rb7 29.Bc3 Qg3
30.Bb4+ Ke8 31.Qh8  1-0

[Event "Amplico ch-EUR Rapid"]
[Site "Warsaw POL"]
[Date "2012.12.15"]
[Round "7.31"]
[White "Motylev,A"]
[Black "Przedmojski,R"]
[Result "1-0"]
[WhiteElo "2677"]
[BlackElo "2359"]

1.e4 c6 2.d4 d5 3.e5 Bf5 4.Nf3 e6 5.Be2 Nd7 6.O-O a6 7.b3 Bb4 8.c4 Ne7 9.c5 Ba5
10.Nh4 O-O 11.a3 Bc7 12.Nc3 b6 13.b4 a5 14.Be3 b5 15.g4 Be4 16.f3 Bg6 17.f4 Be4
18.Ng2 f5 19.h3 Qe8 20.Qb3 a4 21.Qa2 Bxg2 22.Kxg2 Rb8 23.Bd3 Ra8 24.g5  1-0

[Event "Amplico ch-EUR Rapid"]
[Site "Warsaw POL"]
[Date "2012.12.16"]
[Round "8.19"]
[White "Motylev,A"]
[Black "Kovalev,De"]
[Result "1-0"]
[WhiteElo "2677"]
[BlackElo "2512"]

1.e4 e6 2.d4 d5 3.e5 c5 4.c3 Bd7 5.Nf3 Qb6 6.Bd3 cxd4 7.Nxd4 Ne7 8.O-O Nbc6
9.Nf3 h6 10.h4 g5 11.hxg5 hxg5 12.Bxg5 Qxb2 13.Bf6 Qxa1 14.Qb3 Na5 15.Qc2 Nc4
16.Bxc4 dxc4 17.Bxh8 Nd5 18.Ng5 b5 19.Ne4 b4 20.Nbd2 b3 21.Nxb3 cxb3 22.Qxb3 Qxf1+
23.Kxf1 Rc8 24.c4  1-0

[Event "Amplico ch-EUR Rapid"]
[Site "Warsaw POL"]
[Date "2012.12.16"]
[Round "9.6"]
[White "Bartel,Mat"]
[Black "Motylev,A"]
[Result "0-1"]
[WhiteElo "2629"]
[BlackElo "2677"]

1.e4 d5 2.exd5 Qxd5 3.Nc3 Qd6 4.d4 Nf6 5.Nf3 g6 6.Nb5 Qb6 7.c4 c6 8.c5 Qd8
9.Nc3 Bg7 10.Bc4 O-O 11.O-O Bg4 12.Be3 b5 13.cxb6 axb6 14.h3 Bc8 15.a4 Ba6
16.Bxa6 Nxa6 17.Ne5 Qc7 18.Qb3 Nd7 19.f4 e6 20.Rac1 Nab8 21.Nb5 Qb7 22.Nd6 Qc7
23.Ndxf7 Rxf7 24.Nxf7 Kxf7 25.f5 gxf5 26.d5 exd5 27.Qd3 Kg8 28.Qxf5 Nf8 29.b3 Qd7
30.Bxb6 Qxf5 31.Rxf5 Ra6 32.Bf2 Nbd7 33.Re1 Bf6 34.g4 h6 35.h4 Ng6 36.Re6 Kg7
37.Rxd5 Nge5 38.g5 hxg5 39.hxg5 Nf3+ 40.Kg2 Kf7 41.Rxf6+ Nxf6 42.Rf5 Nxg5
43.Rxg5 Ke6 44.Kf3 Ra8 45.Bd4 Nd5 46.Ke4 Rb8 47.Rg6+ Kd7 48.Rg3 Ke6 49.Bc5 Nf6+
50.Kd4 Rd8+ 51.Kc4 Rd1 52.Re3+ Kd7 53.Re7+ Kd8 54.Rf7 Nd7 55.Bd4 Rc1+ 56.Kd3 Rd1+
57.Kc3 Rc1+ 58.Kb2 Rd1 59.Be3 Ne5 60.Rg7 Rd5 61.Kc2 Kc8 62.Bf4 Rc5+ 63.Kd2 Rd5+
64.Kc3 Rc5+ 65.Kd4 Rd5+ 66.Ke4 Nd7 67.b4 Nf6+ 68.Ke3 Rd7 69.Rxd7 Nxd7 70.Bd6 Nb6
71.a5 Nc4+ 72.Kd4 Nxd6 73.Kc5 Kc7 74.Kd4 Nb5+ 75.Kc5 Na7 76.Kd4 Kd6 77.Kc4 Nb5
78.Kb3 Kd5 79.Ka4 Kd6 80.Kb3 Ke6 81.Kc4 Kd7 82.Kb3 Nc7 83.Kc3 Kd6 84.Kd4 Nb5+
85.Kc4 Kd7 86.Kb3 Ke6 87.Kc4 Kd6 88.Kb3 Kd5 89.Ka4 Na7 90.a6 Kd6  0-1

[Event "Amplico ch-EUR Rapid"]
[Site "Warsaw POL"]
[Date "2012.12.16"]
[Round "10.5"]
[White "Rozentalis,E"]
[Black "Motylev,A"]
[Result "0-1"]
[WhiteElo "2602"]
[BlackElo "2677"]

1.e4 c6 2.Nf3 d5 3.Nc3 Bg4 4.h3 Bxf3 5.Qxf3 Nf6 6.g3 e6 7.Bg2 Bb4 8.e5 Nfd7
9.Qg4 Bf8 10.Qe2 c5 11.d3 Nc6 12.f4 g6 13.O-O Bg7 14.Nb5 O-O 15.c3 a6 16.Nd6 Qc7
17.c4 Nd4 18.Qd1 Nxe5 19.fxe5 Bxe5 20.Nxb7 Qxb7 21.g4 Qd7 22.Bg5 Rab8 23.Rb1 dxc4
24.dxc4 Bg7 25.Qd2 f5 26.gxf5 gxf5 27.b3 Kh8 28.Kh1 e5 29.Bd5 Rb6 30.Rg1 f4
31.Rg4 Nf5 32.Rbg1 Ng3+ 33.R1xg3 fxg3 34.Rxg3 Qf5 35.Rf3 Qb1+ 36.Kg2 Rxf3
37.Bxf3 Rb8 38.Be2 Qg6 39.Kh2 e4 40.Bf4 Rf8 41.Bg4 Bd4 42.Bg3 h5  0-1

[Event "Amplico ch-EUR Rapid"]
[Site "Warsaw POL"]
[Date "2012.12.16"]
[Round "11.3"]
[White "Motylev,A"]
[Black "Malakhov,V"]
[Result "1/2-1/2"]
[WhiteElo "2677"]
[BlackElo "2709"]

1.e4 e5 2.Nf3 Nc6 3.Bb5 Nf6 4.O-O Nxe4 5.Re1 Nd6 6.Nxe5 Be7 7.Bf1 Nf5 8.Nf3 O-O
9.d4 d5 10.c3 Bd6 11.Bd3 h6 12.Nbd2 Be6 13.Nf1 Qf6 14.h3 Rae8 15.N1h2 Nh4
16.Nxh4 Qxh4 17.Nf3 Qf6 18.Be3 Bf5 19.Nh2 Bxd3 20.Qxd3  1/2-1/2

[Event "20th TCh-RUS 2013"]
[Site "Loo RUS"]
[Date "2013.04.07"]
[Round "1"]
[White "Usmanov,V"]
[Black "Motylev,A"]
[Result "1-0"]
[WhiteElo "2367"]
[BlackElo "2676"]

1.d4 d6 2.c4 e5 3.Nf3 e4 4.Ng5 f5 5.g3 Be7 6.Nh3 Nf6 7.Bg2 O-O 8.O-O h6 9.Nc3 g5
10.f3 exf3 11.exf3 c6 12.d5 c5 13.Qc2 Ne8 14.Bd2 Ng7 15.Nf2 Nd7 16.Nd3 Rf7
17.a3 Bf6 18.Rae1 a6 19.b4 Qc7 20.bxc5 Nxc5 21.Be3 Nd7 22.Ne2 Nb6 23.f4 Nxc4
24.Bd4 Nxa3 25.Qb2 Nc4 26.Qc3 Bd8 27.Rc1 b5 28.Nb4 Qb7 29.Nc6 Bb6 30.Qb4 Bxd4+
31.Nexd4 Qd7 32.fxg5 hxg5 33.Ne6 Nxe6 34.dxe6 Qxe6 35.Rfe1 Qf6 36.Bd5 Bd7
37.Bxf7+ Qxf7 38.Re7 Qd5 39.Qc3 Qc5+ 40.Kf1 Ne3+ 41.Qxe3 Qxe3 42.Rxe3 Kf8
43.Nb4 a5 44.Rc7 Be8 45.Nd5 Bf7 46.Nb6 Re8 47.Rxe8+  1-0

[Event "20th TCh-RUS 2013"]
[Site "Loo RUS"]
[Date "2013.04.11"]
[Round "5"]
[White "Sharafiev,A"]
[Black "Motylev,A"]
[Result "1/2-1/2"]
[WhiteElo "2451"]
[BlackElo "2676"]

1.d4 d5 2.c4 c6 3.Nc3 Nf6 4.cxd5 cxd5 5.Bf4 Nc6 6.e3 Bg4 7.f3 Bd7 8.Rc1 e6
9.g4 Be7 10.h4 O-O 11.Bd3 Ne8 12.g5 Kh8 13.Bb1 f5 14.Bd3 e5 15.Bxe5 Nxe5
16.dxe5 Qb6 17.Qd2 d4 18.Nd5 dxe3 19.Qc3 Qd8 20.Nxe7 Qxe7 21.Qc5 Qxc5 22.Rxc5 f4
23.Ne2 Rd8 24.Bc4 b6 25.Rd5 Nc7 26.Rd6 Bb5 27.Bxb5 Nxb5 28.Rxd8 Rxd8 29.e6 Kg8
30.g6 hxg6 31.Rg1 Rd2 32.e7 Kf7 33.Rxg6 Rxb2 34.Rxg7+ Ke8 35.Kf1 Rb1+ 36.Kg2 Rb2
37.Kf1 Rb1+ 38.Kg2 Rb2 39.Kf1 Rb1+ 40.Kg2 Rb2 41.Kf1  1/2-1/2

[Event "14th Euro Indiv 2013"]
[Site "Legnica POL"]
[Date "2013.05.05"]
[Round "1.23"]
[White "Ekstroem,R"]
[Black "Motylev,A"]
[Result "0-1"]
[WhiteElo "2461"]
[BlackElo "2669"]

1.d4 d5 2.c4 c6 3.Nf3 Nf6 4.Qb3 dxc4 5.Qxc4 Bg4 6.Nbd2 Nbd7 7.g3 e6 8.Bg2 Be7
9.O-O O-O 10.b3 Qa5 11.Bb2 Qh5 12.Rfe1 Bh3 13.Bh1 Ng4 14.Rad1 Rad8 15.b4 a5
16.bxa5 Qxa5 17.Qb3 Qa7 18.Nc4 e5 19.Ba3 Bxa3 20.Qxa3 Qxa3 21.Nxa3 f6 22.Nc4 Ra8
23.Nd6 Rxa2 24.dxe5 fxe5 25.Nxb7 e4 26.Ng5 Nxf2 27.Nxh3 Nxd1 28.Rxd1 Nf6
29.Nf4 Rfa8 30.Nc5 Ra1 31.Rxa1 Rxa1+ 32.Kg2 g5 33.Nfe6 h6 34.h3 Rd1 35.g4 Kf7
36.e3 Rc1 37.Kh2 Ke7 38.Bg2 Rc3 39.Kg3 Kd6 40.Bxe4 Rxe3+ 41.Bf3 Rc3 42.Kf2 Rxc5
43.Nxc5 Kxc5 44.h4 Nd5 45.hxg5 hxg5 46.Ke2 Kd4 47.Kd2 c5 48.Bd1 Nf6 49.Kc2 Ne4
50.Be2 c4 51.Bf1 Nf2 52.Be2 Nd3 53.Kd2 c3+ 54.Kc2 Nb4+ 55.Kc1 Nc6 56.Ba6 Kc5
57.Bd3 Nd4 58.Bh7 Kc4 59.Bg6 Kd5 60.Kd1  0-1

[Event "14th Euro Indiv 2013"]
[Site "Legnica POL"]
[Date "2013.05.06"]
[Round "2.15"]
[White "Motylev,A"]
[Black "Oleksienko,M"]
[Result "1/2-1/2"]
[WhiteElo "2669"]
[BlackElo "2565"]

1.e4 e5 2.Nf3 Nc6 3.Bc4 Bc5 4.c3 Nf6 5.d4 exd4 6.e5 d5 7.Bb5 Ne4 8.cxd4 Bb6
9.Nc3 Bg4 10.Be3 O-O 11.h3 Bxf3 12.gxf3 Nxc3 13.bxc3 Ne7 14.Bd3 f5 15.f4 Rc8
16.Qb3 c5 17.dxc5 Bxc5 18.Qxb7 Rb8 19.Qa6 Qc7 20.Rc1 Rb2 21.O-O Rfb8 22.Bxc5 Qxc5
23.Qd6 Qxd6 24.exd6 Ng6 25.c4 Nxf4 26.c5 Nxd3 27.c6 Nxc1 28.Rxc1 Kf7 29.c7 Ke6
30.cxb8=Q Rxb8 31.Rc7 Kxd6 32.Rxa7 d4 33.Rxg7 Rb1+ 34.Kg2 f4 35.Ra7 d3 36.Ra3 Rd1
37.Kf3 Ke5 38.Ra7 Kd4 39.Rd7+ Kc3 40.Rc7+ Kd2 41.Rxh7 Rh1 42.h4 Kc2 43.Rc7+ Kd1
44.Rd7 d2 45.Kxf4 Rxh4+ 46.Kg5 Rh3 47.f4 Ke2 48.Rxd2+ Kxd2 49.f5 Kd3 50.f6 Ke4
51.f7 Rf3 52.Kg6 Ke5  1/2-1/2

[Event "14th Euro Indiv 2013"]
[Site "Legnica POL"]
[Date "2013.05.08"]
[Round "4.61"]
[White "Motylev,A"]
[Black "Pavlidis,Ant"]
[Result "1-0"]
[WhiteElo "2669"]
[BlackElo "2479"]

1.e4 e5 2.Nf3 Nc6 3.Bb5 a6 4.Bxc6 dxc6 5.Nc3 f6 6.d4 exd4 7.Qxd4 Qxd4 8.Nxd4 Bd6
9.Be3 Bd7 10.O-O-O O-O-O 11.Nb3 Ne7 12.f4 Rhe8 13.Rde1 b6 14.Rhf1 Ng6 15.g3 Kb7
16.Nd2 Bb4 17.Nd1 h5 18.Nf2 h4 19.Rg1 Rh8 20.g4 h3 21.Nd3 Bxd2+ 22.Bxd2 Nh4
23.Rg3 Ng2 24.Rg1 Rh4 25.f5 c5 26.e5 Bc6 27.Nf2 Rd4 28.exf6 gxf6 29.b3 Rd7
30.Rxh3 Rxh3 31.Nxh3 Rh7 32.Nf4 Rxh2 33.Nh5 Nh4 34.Bf4 Re2 35.Nxf6 Nf3 36.Rg3 Nd4
37.c3 Nf3 38.g5 Nh4 39.g6 Nxf5 40.g7 Ne7 41.Re3  1-0

[Event "14th Euro Indiv 2013"]
[Site "Legnica POL"]
[Date "2013.05.09"]
[Round "5.37"]
[White "Moranda,W"]
[Black "Motylev,A"]
[Result "1/2-1/2"]
[WhiteElo "2560"]
[BlackElo "2669"]

1.d4 d5 2.c4 c6 3.Nc3 Nf6 4.e3 e6 5.Nf3 Nbd7 6.Bd3 dxc4 7.Bxc4 b5 8.Bd3 Bd6
9.O-O O-O 10.Qc2 Bb7 11.a3 Rc8 12.b4 c5 13.bxc5 Bxf3 14.gxf3 Nxc5 15.dxc5 Rxc5
16.f4 Nd5 17.Bb2 Nxc3 18.Bxc3 Qc7 19.Rfc1 Rc8 20.Bxh7+ Kh8 21.Bd3 Rxc3 22.Qxc3 Qxc3
23.Rxc3 Rxc3 24.Bxb5 Bxa3 25.Rd1 Rc1 26.Rxc1 Bxc1 27.Kf1 a5 28.Ke2 g6 29.Kd3 Kg7
30.h3 Ba3 31.Ba4 Bb4 32.Bb5 Be1 33.Ke2 Bb4 34.Kd3 Be1 35.Ke2 Bb4 36.Kd3 Be1
37.Ke2 Bb4 38.Kd3  1/2-1/2

[Event "14th Euro Indiv 2013"]
[Site "Legnica POL"]
[Date "2013.05.10"]
[Round "6.40"]
[White "Motylev,A"]
[Black "Ruck,R1"]
[Result "1/2-1/2"]
[WhiteElo "2669"]
[BlackElo "2570"]

1.e4 c6 2.d4 d5 3.Nc3 dxe4 4.Nxe4 Bf5 5.Ng3 Bg6 6.h4 h6 7.Nf3 Nd7 8.h5 Bh7
9.Bd3 Bxd3 10.Qxd3 e6 11.Bd2 Ngf6 12.O-O-O Be7 13.Rde1 O-O 14.Ne4 Ng4 15.Qe2 c5
16.dxc5 Rc8 17.Nd6 Bxd6 18.cxd6 Qb6 19.Rh4 Ndf6 20.d7 Rc7 21.Bc3 Qxf2 22.Qxf2 Nxf2
23.Ne5 Rd8 24.Bd4 N6g4 25.Rxg4 Nxg4 26.Nxg4 b6 27.Ne5 f6 28.Nf3 Kf7 29.g4 Rdxd7
30.b3 b5 31.Kb2 Rd5 32.Re4 a6 33.Rf4 Ke7 34.Re4 Kf7 35.Bb6 Rc6 36.Bf2 e5
37.a4 Rc8 38.a5 Rd1 39.Be1 g6 40.hxg6+ Kxg6 41.Nh4+ Kg5 42.Nf3+ Kg6 43.Nh4+ Kg5
44.Nf5 Rc7 45.Bf2 Kg6 46.Bb6 Rcd7 47.Ka3 h5 48.Nh4+ Kg5 49.Nf3+ Kg6 50.Nh4+ Kg5
51.Nf3+ Kg6 52.gxh5+ Kxh5 53.Nxe5 fxe5 54.Rxe5+ Kg6 55.Re8 Rc1 56.Kb2 Rdd1
57.Bc5 Rb1+ 58.Kc3 Re1 59.Rg8+ Kf7 60.Rf8+ Ke6 61.Ra8 Kd5 62.Bb6 Re4 63.Rd8+ Kc6
64.Rc8+ Kd5 65.Rd8+ Kc6 66.Rc8+ Kd5 67.Rd8+  1/2-1/2

[Event "14th Euro Indiv 2013"]
[Site "Legnica POL"]
[Date "2013.05.11"]
[Round "7.40"]
[White "Markowski,T"]
[Black "Motylev,A"]
[Result "1-0"]
[WhiteElo "2567"]
[BlackElo "2669"]

1.d4 d5 2.Nf3 Nf6 3.c3 Bf5 4.Qb3 Qc8 5.Bg5 Nbd7 6.e3 e6 7.c4 c6 8.Nbd2 Bd6
9.Be2 Ne4 10.Bh4 O-O 11.Bg3 Nxg3 12.hxg3 Nf6 13.O-O Re8 14.Rac1 Qc7 15.Bd3 Rad8
16.Bxf5 exf5 17.cxd5 Nxd5 18.Nc4 Bf8 19.a3 a5 20.Rc2 f6 21.Rfc1 g6 22.Ncd2 Kh8
23.Re1 Qd7 24.Qc4 Re6 25.Nb3 b6 26.Nbd2 Rde8 27.Rec1 Bh6 28.Nf1 g5 29.Qd3 f4
30.exf4 gxf4 31.g4 Ne7 32.N1h2 f5 33.Qb3 a4 34.Qxb6 Nd5 35.Qa5 fxg4 36.Nxg4 Rg8
37.Nfe5 Rxe5 38.Nxe5 Rxg2+ 39.Kxg2 f3+ 40.Kg3 Bf4+ 41.Kxf3 Qh3+ 42.Ke2 Qh5+
43.Kd3 Qh3+ 44.f3 Qf5+ 45.Ke2 Bxe5 46.Qd8+ Kg7 47.Rg1+ Kf7 48.Qg8+ Ke7 49.Qg5+  1-0

[Event "14th Euro Indiv 2013"]
[Site "Legnica POL"]
[Date "2013.05.13"]
[Round "8.66"]
[White "Motylev,A"]
[Black "Fodor,T jr"]
[Result "1-0"]
[WhiteElo "2669"]
[BlackElo "2475"]

1.e4 e6 2.d4 d5 3.e5 c5 4.c3 Nc6 5.Nf3 Qb6 6.a3 c4 7.Nbd2 Na5 8.g3 Bd7 9.Bg2 Ne7
10.O-O Qc7 11.Rb1 Nc8 12.Ne1 Nb6 13.f4 O-O-O 14.Nc2 g6 15.Nf3 Kb8 16.Bd2 h5
17.Qe2 Bh6 18.Ng5 Rdf8 19.f5 Ba4 20.Nb4 gxf5 21.h4 Nc6 22.Nxc6+ Qxc6 23.Rbc1 Qc8
24.Bf4 Ka8 25.Bf3 Be8 26.Rce1 Rfg8 27.Kf2 Nd7 28.Rh1 a6 29.Kg2 Nf8 30.Kf2 Nd7
31.Kg2 Nf8 32.Bc1 Qd8 33.Bxh5 f6 34.exf6 Bxh5 35.Qxh5 Qxf6 36.Qe8+ Ka7 37.Bf4 Nh7
38.Qxe6 Bxg5 39.hxg5 Qg7 40.Qxf5  1-0

[Event "14th Euro Indiv 2013"]
[Site "Legnica POL"]
[Date "2013.05.14"]
[Round "9.44"]
[White "Motylev,A"]
[Black "Gritsak,O"]
[Result "1/2-1/2"]
[WhiteElo "2669"]
[BlackElo "2549"]

1.e4 e5 2.Nf3 Nc6 3.d4 exd4 4.Nxd4 Bb4+ 5.c3 Be7 6.Nf5 Bf6 7.Ne3 g6 8.Nd5 Bg7
9.Bd3 d6 10.O-O Nge7 11.Bg5 h6 12.Bh4 g5 13.Bg3 h5 14.f4 h4 15.Be1 gxf4 16.Nxf4 Ng6
17.Nxg6 fxg6 18.Bb5 Be6 19.Qa4 Qd7 20.h3 g5 21.Nd2 g4 22.hxg4 Bxg4 23.e5 Bxe5
24.Nc4 h3 25.Nxe5 dxe5 26.Rf6 O-O-O 27.Rxc6 hxg2 28.Rh6 Rxh6 29.Bxd7+ Bxd7
30.Qxa7 Bc6 31.Bh4 Rxh4 32.Qa8+ Kd7 33.Rd1+ Rd4 34.Qxd8+ Kxd8 35.cxd4 exd4
36.Rxd4+ Kc8 37.Kf2 b6 38.Rg4 Kb7 39.Rg5 b5 40.b4 Kb6 41.Rg6 Kb7 42.Rg5 Kc8
43.Rg7 Bd5 44.Rg5 c6 45.Rg7 Kd8 46.Ke3 Ke8 47.Kd4 Kf8 48.Rg3 Ke7 49.Ke5 Kf7
50.a3 Ke7 51.Rg7+ Kf8 52.Kf6 Bf3 53.Rg5 Bd5 54.Rg3 Ke8 55.Kf5 Ke7 56.Ke5 Kf7
57.Rg5 Bf3 58.Rg3 Bd5 59.Kf5 Bf3 60.Kf4 Bd5 61.Ke5 Ke7 62.Rg7+ Kf8 63.Kf6 Bf3
64.Rg5 Bd5 65.Rg3  1/2-1/2

[Event "14th Euro Indiv 2013"]
[Site "Legnica POL"]
[Date "2013.05.15"]
[Round "10.47"]
[White "Dvirnyy,D"]
[Black "Motylev,A"]
[Result "0-1"]
[WhiteElo "2541"]
[BlackElo "2669"]

1.d4 d5 2.c4 c6 3.Nf3 Nf6 4.Qb3 dxc4 5.Qxc4 Bg4 6.Nc3 Nbd7 7.e4 Bxf3 8.gxf3 e5
9.Be3 exd4 10.Bxd4 Bd6 11.O-O-O Qe7 12.Be3 Nb6 13.Qb3 O-O 14.Rg1 Bxh2 15.Rg5 Bc7
16.Bd3 Rad8 17.Qc2 Rfe8 18.a4 g6 19.a5 Nbd7 20.f4 Nf8 21.f5 Be5 22.Ne2 Nxe4
23.Bxe4 Rxd1+ 24.Kxd1 Bf6 25.Rg3 Qxe4 26.Qxe4 Rxe4 27.fxg6 hxg6 28.Bxa7 Rb4
29.b3 Rb5 30.Bb6 Nd7 31.Bc7 Be5 32.Bxe5 Nxe5 33.f4 Nd7 34.Rd3 Nf6 35.Rd6 Rxa5  0-1

[Event "14th Euro Indiv 2013"]
[Site "Legnica POL"]
[Date "2013.05.16"]
[Round "11.33"]
[White "Motylev,A"]
[Black "Mista,A"]
[Result "0-1"]
[WhiteElo "2669"]
[BlackElo "2574"]

1.e4 e5 2.Nf3 Nc6 3.Bb5 a6 4.Bxc6 dxc6 5.O-O f6 6.d4 exd4 7.Nxd4 c5 8.Ne2 Qxd1
9.Rxd1 Bd7 10.Be3 O-O-O 11.Nbc3 Re8 12.f3 Bc6 13.Kf2 b6 14.a4 a5 15.Nb5 Kb7
16.Bf4 Rc8 17.h4 Ne7 18.h5 g5 19.Bd2 g4 20.Bc3 Bg7 21.fxg4 Rhg8 22.Ng3 Bh6
23.Kf3 f5 24.gxf5 Rcf8 25.f6 Bg5 26.Nd6+ cxd6 27.Rxd6 Bh4 28.Ne2 Nc8 29.Rxc6 Kxc6
30.e5 Ne7 31.Rd1 Nd5 32.Rxd5 Kxd5 33.Nf4+ Kc6 34.g4 Bg5 35.Ke4 Bxf4 36.Kxf4 h6
37.e6 Kd6 38.e7 Rf7 39.Kf5 Rg5+ 40.Kf4 Kd7 41.Be5 Ke8 42.c4 Rh7 43.Bc3 Kf7
44.Kf3 Rh8 45.Bd2 Re5 46.Bc3 Re6  0-1

[Event "66th ch-RUS HL"]
[Site "Yekaterinburg RUS"]
[Date "2013.06.20"]
[Round "1.14"]
[White "Motylev,A"]
[Black "Sek,K"]
[Result "1-0"]
[WhiteElo "2655"]
[BlackElo "2463"]

1.e4 e5 2.Nf3 Nc6 3.Bb5 a6 4.Bxc6 dxc6 5.O-O Bg4 6.h3 h5 7.d3 Qf6 8.Nbd2 Ne7
9.Re1 Ng6 10.d4 Nf4 11.hxg4 hxg4 12.g3 gxf3 13.Qxf3 Ne6 14.dxe5 Qxe5 15.Nb3 Be7
16.Kg2 Bf6 17.c3 O-O-O 18.Be3 Qb5 19.Qe2 Qe5 20.Qg4 Kb8 21.a4 g6 22.Rh1 Rhe8
23.Rae1 Be7 24.Qf3 Bg5 25.Bd4 Qd6 26.Rd1 Qe7 27.e5 Rd5 28.Rh7 Red8 29.Qxf7 Qxf7
30.Rxf7 c5 31.f4 cxd4 32.c4 R5d7 33.Rxd7 Rxd7 34.fxg5 c5 35.Rf1 d3 36.Rd1 b6
37.g4 Nxg5 38.a5 Kc7 39.Kg3 Ne6 40.axb6+ Kxb6 41.Rf1 Nd4 42.Rf6+ Nc6 43.Nd2 g5
44.Kf3 Kc7 45.Ke4 Rh7 46.Kd5 Ne7+ 47.Ke4 Nc6 48.e6 Rh2 49.Kxd3 Ne5+ 50.Kc3 Rh3+
51.Kc2 Nxg4 52.Rg6 Ne3+ 53.Kb1 Rh7 54.Rxg5 Kd6 55.Ne4+ Kxe6 56.Nxc5+ Kf6
57.Ne4+ Ke6 58.b3 Rh4 59.Nd2 Rd4 60.Kc1 Rd3 61.Ra5 Rc3+ 62.Kb1 Rd3 63.Rxa6+ Kd7
64.Kc1 Rc3+ 65.Kb1 Rd3 66.Ra2 Kc6 67.Kc1 Kc5 68.Ra5+ Kd4 69.Rh5 Kc3 70.Rh3 Kb4
71.Rf3 Ka3 72.Kb1 Kb4 73.Kc1 Ka3 74.Rf8 Rc3+ 75.Kb1 Rd3 76.Kc1 Rc3+ 77.Kb1 Rd3
78.Re8 Kb4 79.Kc1 Rc3+ 80.Kb2 Rd3 81.Rb8+ Ka5 82.Ne4 Rd4 83.Rb5+ Ka6 84.Nc5+ Ka7
85.Kc3 Rh4 86.Rb7+ Ka8 87.Rd7 Rh6 88.Rd3 Nf5 89.b4 Nd6 90.b5 Ka7 91.Kb4 Kb6
92.Ra3  1-0

[Event "66th ch-RUS HL"]
[Site "Yekaterinburg RUS"]
[Date "2013.06.21"]
[Round "2.8"]
[White "Eliseev,U"]
[Black "Motylev,A"]
[Result "0-1"]
[WhiteElo "2557"]
[BlackElo "2655"]

1.e4 e5 2.Nf3 Nc6 3.Bb5 Nf6 4.O-O Nxe4 5.d4 Nd6 6.Bxc6 dxc6 7.dxe5 Nf5 8.Qxd8+ Kxd8
9.Rd1+ Ke8 10.Nc3 Ne7 11.Nd4 Ng6 12.Ne4 Be7 13.Re1 c5 14.Nb5 Kd7 15.a4 a6
16.e6+ fxe6 17.Rd1+ Kc6 18.c4 e5 19.Nbc3 Bf5 20.f3 Rad8 21.Be3 Be6 22.b3 a5
23.g3 h6 24.Nf2 Rdf8 25.Kg2 Rf7 26.Nd3 Rhf8 27.Rf1 b6 28.Ne4 Bf5 29.Rad1 Bd6
30.Bd2 Bxe4 31.fxe4 Kd7 32.Rxf7+ Rxf7 33.Rf1 Rxf1 34.Kxf1 Ke6 35.Ke2 Ne7
36.Kf3 h5 37.h3 Nc6 38.Bc3 Be7 39.Ke2 Bg5 40.Kf3 g6 41.Ke2 Bf6 42.Kf3 Nd8
43.Bd2 Nf7 44.Kf2 Bg5 45.Bc3 h4 46.Kf3 hxg3 47.Kxg3 Be3 48.Kf3 Bh6 49.Kg4 Kf6
50.Be1 Ke7 51.Bh4+ Ke6 52.Be1 Nd8 53.Bc3 Nc6 54.h4 Be3 55.h5 gxh5+ 56.Kxh5 Bd4
57.Bd2 Ba1 58.Be3 Nb4 59.Nxb4 cxb4 60.Kg4 Bd4 61.Bc1 c6 62.Kf3 b5 63.cxb5 cxb5
64.axb5 Kd6 65.Ke2 Kc5 66.Kd3 Kxb5 67.Bg5 a4 68.bxa4+ Kxa4 69.Bf6 Kb3 70.Be7 Bc3  0-1

[Event "66th ch-RUS HL"]
[Site "Yekaterinburg RUS"]
[Date "2013.06.22"]
[Round "3.2"]
[White "Motylev,A"]
[Black "Grachev,B"]
[Result "1/2-1/2"]
[WhiteElo "2655"]
[BlackElo "2683"]

1.e4 c5 2.Nf3 e6 3.d4 cxd4 4.Nxd4 Nc6 5.Nc3 a6 6.Nxc6 bxc6 7.Bd3 d5 8.O-O Nf6
9.Re1 Be7 10.e5 Nd7 11.Qg4 Kf8 12.b3 Bb7 13.Na4 c5 14.c4 d4 15.Qh5 Kg8 16.Be4 g6
17.Qh6 Bxe4 18.Rxe4 Bf8 19.Qh3 h5 20.Bd2 a5 21.Rae1 Be7 22.Qg3 Nb6 23.Nb2 a4
24.Nd3 axb3 25.axb3 Ra3 26.Nf4 h4 27.Qd3 Kg7 28.Rb1 Nd7 29.Bc1 Ra7 30.Nh3 Ra2
31.Re2 Qa8 32.f4 Nb8 33.Rxa2 Qxa2 34.Rb2 Qa8 35.Qb1 Nc6 36.Ra2 Qb7 37.Bd2 Rb8
38.Ra3 Nb4 39.Ra5 Nc6 40.Rb5 Qa6 41.Rxb8 Nxb8 42.Nf2 Nc6 43.Ne4 Qa3 44.g4 hxg3
45.hxg3 Na5 46.Bxa5 Qxa5 47.Kg2 Qa8 48.Kg1 Qa5 49.Kg2 Qa8 50.Kg1  1/2-1/2

[Event "66th ch-RUS HL"]
[Site "Yekaterinburg RUS"]
[Date "2013.06.23"]
[Round "4.4"]
[White "Motylev,A"]
[Black "Shomoev,A"]
[Result "1/2-1/2"]
[WhiteElo "2655"]
[BlackElo "2565"]

1.e4 c5 2.Nf3 d6 3.d4 cxd4 4.Nxd4 Nf6 5.Nc3 e6 6.g4 h6 7.h3 a6 8.Bg2 g5 9.Be3 Nbd7
10.Qe2 Ne5 11.O-O-O Bd7 12.Kb1 Qc7 13.h4 Nfxg4 14.Bc1 Rg8 15.hxg5 hxg5 16.Rh5 Be7
17.Bh3 Nf6 18.Rxg5 O-O-O 19.Rxg8 Rxg8 20.f4 Nc6 21.Nxc6 Qxc6 22.e5 Ne8 23.Qh5 f5
24.exf6 Bxf6 25.Qe2 Bxc3 26.bxc3 Nc7 27.c4 d5 28.Bf1 Rf8 29.Ka1 b5 30.cxd5 Nxd5
31.Bg2 Qc3+ 32.Bb2 Qe3 33.Qh5 Nc3 34.Rf1 Rg8 35.Qf3 Qxf3 36.Bxf3 b4 37.a3 a5
38.axb4 axb4 39.Bxc3 bxc3 40.Ka2 Rg3 41.Kb3 Bb5 42.Rf2 Kd7 43.Kb4 Bc6 44.Bxc6+ Kxc6
45.Kc4 Kd6 46.Kd4 Rh3 47.Rf1 Ke7 48.f5  1/2-1/2